Слушайте, братя българи! (Запис номер 349566)
[ съкратено ]
| 000 -Лидер | |
|---|---|
| Контролно поле с фиксирана дължина | ncm a22 7a 4500 |
| 003 - Код на организацията, давaща контролен номер | |
| Контролно поле | BLK |
| 005 - Дата и час на последна редакция | |
| Контролно поле | 20200522141750.0 |
| 008 - Елементи от данни с фиксирана дължина | |
| fixed length control field | 200325b bu ||a||r|||| 00| 0 bu d |
| 040 ## - Източник на каталожния запис | |
| Идентификатор на билиотеката - собственик на записа | BLK |
| 041 ## - Код за език | |
| Код за езика на текст/звукозапис или на отделно заглавие | Български |
| Код за езика КДБФ | Български |
| 080 ## - УДК | |
| Текстов определител УДК | Камерна вок. муз. Песни, балади, арии, романси |
| УДК код - определител по УДК | 784.3 |
| УДК - код + определител | 784.3 |
| 139 ## - Редно поле | |
| Редна дума | Слушайте, братя българи! |
| Авторски знак | Сли - С 45 |
| 245 ## - Сведения за заглавието | |
| Заглавие | Слушайте, братя българи! |
| Подзаглавни данни | Песни, посветени на Септемврийското въстание 1923 г. : [за соло пеене и хор - различни състави със и без съпровод на пиано |
| Редно поле (дума) | състав. и ред. Емил Емануилов |
| 260 ## - Област на издателските данни | |
| 9 (RLIN) | 209548 |
| Място на издаване, разпространение и проч. | София |
| Име на издателя, разпространителя и проч. | Наука и изкуство |
| Година на издаване | 1973 |
| 300 ## - Физическа характеристика | |
| Страници | 96 с. |
| Размери/Мащаб | 28 см |
| 380 ## - Жанр | |
| Жанр | Изкуство |
| 500 ## - Общи забележки | |
| Забележка | Съдържа:<br/>Слушайте, братя българи! : народна песен : за соло пеене, f1-d2 и съпровод на пиано / обраб. Александър Райчев. Земя, земя : за соло пеене или 1-гласен хор и съпровод на пиано / Александър Райчев ; текст Лиляна Стефанова. Макове алени : за соло пеене или 1-гласен хор и съпровод на пиано / текст Орлин Орлинов. Реквием : за смесен хор и съпровод на пиано / текст Лиляна Стефанова. Апотеоз : за соло пеене, смесен хор и съпровод на пиано / текст Лиляна Стефанова. Конници : за мъжки хор / Петко Стайнов ; текст Никола Фурнаджиев. Никодим : за 2-гласен хор и съпровод на пиена / Светослав Обретенов ; текст Крум Кюлявков. Весела песен : за 3-гласен хор / текст Николай Хрелков. Безсмъртни : за 4-гласен смесен хор / Георги Димитров ; текст Асен Разцветников. Песен за Септемврийското въстание : за смесен хор и съпровод на пиано ; Година 1923-та : за смесен хор и съпровод на пиано ; Песен за Димитров : за соло, смесен хор и съпровод на пиано ; Септемврийска песен за Съветска Русия : за мъжки хор ; Песен за народното хоро : за мъжки хор и съпровод на пиано ; Песен на надеждата : за соло, смесен хор и съпровод на пиано ; Кантата за Родината : за соло, смесен хор и съпровод на пиано / Жул Леви ; текст Николай Парушев. Конникът от 23-та г. : за смесен хор / Йоско Йосифов ; текст Димитър Точев. Балада за септемврийския въстаник : зъ мъжки хор и съпровод на пиано / Димитър Петков ; текст Николай Зидаров. Потомци : за соло, смесен хор и съпровод на пиано / Александър Йосифов ; текст Димитър Точев |
| 650 #7 - Допълнително описание по предмет – тема | |
| 9 (RLIN) | 166143 |
| Основно описание – тема или топоним | Песни, патриотични, български |
| 852 ## - Местоположение | |
| Форматна сигнатура | Цб М ІІ 6460 |
| 999 ## - СИСТЕМНИ КОНТРОЛНИ НОМЕРА | |
| Koha biblionumber | 349566 |
| Koha biblioitemnumber | 349566 |
| 942 ## - АРТИКУЛИ | |
| Вид на библиотечния материал | Нотни издания |
| Скрит в OPAC | Не |
| Периодичен библиозапис | Да |
| 944 ## - СЪЗДАВАНЕ И РЕДАКЦИЯ на ЗАПИСА | |
| Създаване/Редакция | Създаване |
| Служител, извършил регистрацията/редакцията | В. Т. |
| 999 ## - СИСТЕМНИ КОНТРОЛНИ НОМЕРА | |
| Koha biblioitemnumber | 349566 |
| 999 ## - СИСТЕМНИ КОНТРОЛНИ НОМЕРА | |
| Koha biblioitemnumber | 349566 |
| 999 ## - СИСТЕМНИ КОНТРОЛНИ НОМЕРА | |
| Koha biblioitemnumber | 349566 |
| Код за отписване | Код за изгубен артикул | Източник на класификационната схема | Код за повреда | Коз за рестрикции | Код за отдаване | Артикулен № | Име на библиотеката - собственик | Име на библиотеката, в която се намира в момента | Статус (Текущо местоположение) | Дата на вписване в системата | Местоположение - отдел | Цена в лева | Инвентарен номер | Систематично азбучна сигнатура | Баркод | Цена в евро | Служебен тип на артикула |
|---|---|---|---|---|---|---|---|---|---|---|---|---|---|---|---|---|---|
| Не е изгубен | Universal Decimal Classification | Не е повреден | без рестрикции | заемане за дома | 756826 | Регионална библиотека "Любен Каравелов" Русе | Регионална библиотека "Любен Каравелов" Русе | Отдел Изкуство - подръчен фонд | 2020-03-26 | Отдел Изкуство - подръчен фонд | 3.08 | 142289 | 784/С 45 | 120000142289 | 1.57 | Нотни издания | |
| Не е изгубен | Universal Decimal Classification | Не е повреден | само за читалня | ползва се в читалня | 769245 | Регионална библиотека "Любен Каравелов" Русе | Регионална библиотека "Любен Каравелов" Русе | Хранилище | 2020-05-12 | Хранилище | 3.08 | 140859 | Цб М ІІ 6460 | 900000014337 | 1.57 | Нотни издания |